000 00384nab a22001097u 4500
008 130520b2010 xxu||||| |||| 00| 0 spa d
041 _aspa
100 1 _aLopes, Mercedes
_970650
245 0 0 _aSemilla de esperanza. La lectura popular de la Biblia en las Comundades de américa Latina
_cMercedes Lopes
773 0 _tConcilium
_gnº335,2010,págs. 93-108
_x0210-1041
_wRev134
942 _cAR
999 _c414888
_d414888